| 000 | 00701nam a22002057a 4500 | ||
|---|---|---|---|
| 008 | 250807b |||||||| |||| 00| 0 eng d | ||
| 020 | _a9780199250103 | ||
| 040 |
_aCUZ _beng _crda _dCUZ _erda |
||
| 050 | _aK938.W58WIT | ||
| 100 | _aChristian Witting | ||
| 245 |
_aLiability for negligent misstatements _cby Christian Witting |
||
| 264 |
_aNew York _bOxford University press _c©2004 |
||
| 300 | _aextent xxxviii,428pages | ||
| 336 |
_atext _btxt |
||
| 337 |
_aunmediated _bn |
||
| 338 | _2rdacarrier | ||
| 500 | _aincludes bibliography and index | ||
| 650 |
_a Law _a Comparative law. International uniform law _a Civil law |
||
| 942 |
_cOS _i938.W58WIT _kK |
||
| 999 |
_c45301 _d45301 |
||